000
00304nam a22001337a 4500
020
_a
13-201921-3
082
_a
669.142 LOT'D
100
_a
LOTHERS, JOHN E
_9
26896
245
_a
DESIGN IN STRCUTURAL STEEL
250
_a
3RD
260
_a
NEWJERSCY
_b
PRENTICE HALL
_c
1972
300
_a
561P
942
_c
BK
999
_c
583899
_d
583899